000 00370nam a2200145Ia 4500
008 100122s9999 xx 000 0 und d
082 _b52523
_a823.08
100 _aमराठे अनंत
245 _aआंधळा
260 _bअ. स. मराठे
_c1996
300 _a124
630 _aआंधळा
730 _aआंधळा
942 _cBOOK
999 _c429699
_d429696